000 00814nam a2200253Ia 4500
003 OSt
005 20220926015022.0
006 a|||||r|||| 00| 0
007 ta
008 220923b |||||||| |||| 00| 0 eng d
037 _cGeneral Book
040 _aRTL
_cRTL
_beng
041 _2eng
_aeng
082 _aY:5.73.N69t, L2
110 _aUSA, Growth and the American Future (Commission on-) (1969) (Chairman: John D Rockfeller
_9321486
245 0 _aReport
260 _aNew York
_bNew American Library
_c1972
300 _a386p
_ccm.
500 _aBibliography: p 315-362
650 _aDemography
700 _aUSA, Growth and the American Future (Commission on-) (1969) (Chairman: John D Rockfeller
_9321487
942 _hY:5.73.N69t, L2
_cGB
_2CC
999 _c630379
_d630379